Evaluación de impactos morfológicos en el rio Reventazón (tramo Guayabo-La Junta)
Guardado en:
| Hovedforfatter: | |
|---|---|
| Andre forfattere: | |
| Format: | Bog |
| Sprog: | Spanish |
| Udgivet: |
[San José, Costa Rica]
2000
|
| Fag: | |
| Tags: |
Tilføj Tag
Ingen Tags, Vær først til at tagge denne postø!
|
MARC
| LEADER | 00000nam a2200000Ia 4500 | ||
|---|---|---|---|
| 003 | 008534 | ||
| 005 | 20240808151609.0 | ||
| 008 | 140114s2000 cr a 000 ||spa d | ||
| 040 | |c cru CEDI | ||
| 100 | |a Zamora Gamboa, Marcela, 1976- |9 3498 | ||
| 245 | |a Evaluación de impactos morfológicos en el rio Reventazón (tramo Guayabo-La Junta) | ||
| 260 | |a [San José, Costa Rica] |c 2000 | ||
| 300 | |a 152, [39] hojas : ilustraciones (algunas a color) | ||
| 500 | |a Tesis (licenciatura en Ingeniería Civil)--Universidad de Costa Rica. Facultad de Ingeniería. Escuela de Ingeniería Civil | ||
| 501 | |a Director de Proyecto de Graduación: Ing. Gravin Mayorga Jiménez | ||
| 650 | |x GEOMORFOLOGIA |x RIO REVENTAZON (COSTA RICA) |x REPRESAS |x DISEÑO Y CONSTRUCCION |x ESTRUCTURAS HIDRAULICAS |9 8150 | ||
| 700 | |a Mayorga Jiménez, Gravin, 1955- |d Director del TFG |9 2945 | ||
| 942 | |c TFG |h TFG 4171 |i 008534 |6 TFG_4171_008534000000000 | ||
| 999 | |c 18274 |d 18274 | ||
